El Alcoholismo en el área programática del cantón de Desamparados

Sparad:
Bibliografiska uppgifter
Institutionell upphovsman: Instituto Nacional sobre Alcoholismo. Departamento de Investigación (Costa Rica)
Materialtyp: Text
Publicerad: San José: El Instituto
Taggar: Lägg till en tagg
Inga taggar, Lägg till första taggen!

MARC

LEADER 00000 a a2200000 04500
001 15094
003
040
090 |a 028300  
110 |a Instituto Nacional sobre Alcoholismo. Departamento de Investigación (Costa Rica)  
245 |a El Alcoholismo en el área programática del cantón de Desamparados  
260 |a San José:   |b El Instituto  
300 |a 60 p.  
999 |c 8387  |d 8387